000 00334nam a2200133Ia 4500
008 220928s9999 xx 000 0 und d
082 _bTAT
100 _aTATKE, JAYANT
245 0 _aRESEARCH METHODOLOGY AND STATISTICAL QUANTITATIVE MATHODS
260 _bSCDL, PUNE
_c2013
300 _a376
650 _aMathematics
942 _cBK
999 _c208523
_d208523